[Event "Wloclawek Portofino Cup"]
[Site "Wloclawek"]
[Date "2009.09.26"]
[Round "5"]
[White "Leszczynski, Krzysztof"]
[Black "Gawronski, Miroslaw"]
[Result "0-1"]
[WhiteElo "2154"]
[BlackElo "2201"]
[PlyCount "50"]
[EventDate "2009.09.24"]
[EventType "swiss"]
[EventRounds "9"]
[EventCountry "POL"]
[SourceTitle "EXT 2018"]
[Source "ChessBase"]
[SourceDate "2017.10.13"]
[SourceVersion "1"]
[SourceVersionDate "2017.10.13"]
[SourceQuality "1"]

1. d4 d5 2. c4 dxc4 3. e4 b5 4. a4 Bb7 5. Nf3 e6 6. axb5 Bxe4 7. Nc3 Bb7 8. Bxc4 Nf6 9. 0-0 Bd6 10. Bg5 h6 11. Bh4 Nbd7 12. Re1 Nb6 13. Bd3 Nbd5 14. Nxd5 Bxd5 15. Ne5 g5 16. Bg3 h5 17. h4 Rg8 18. f3 Nd7 19. Nc6 Qf6 20. Be5 Nxe5 21. dxe5 Bc5+ 22. Kf1 Qg7 23. hxg5 Qxg5 24. Qc2 Qg3 25. Rec1 Bb6 0-1

[Event "Wloclawek Weekend Classic 4th"]
[Site "Wloclawek"]
[Date "2008.04.02"]
[Round "3"]
[White "Leszczynski, Krzysztof"]
[Black "Kulinski, Krzysztof"]
[Result "1-0"]
[WhiteElo "2152"]
[BlackElo "2099"]
[PlyCount "103"]
[EventDate "2008.04.02"]
[EventType "swiss"]
[EventRounds "5"]
[EventCountry "POL"]
[SourceTitle "EXT 2010"]
[Source "ChessBase"]
[SourceDate "2010.11.25"]
[SourceVersion "1"]
[SourceVersionDate "2010.11.25"]
[SourceQuality "1"]

1. d4 d5 2. c4 c6 3. Nf3 Nf6 4. e3 e6 5. Be2 Bd6 6. 0-0 0-0 7. b3 Nbd7 8. Bb2 Re8 9. Nc3 Ne4 10. Nxe4 dxe4 11. Ne5 f6 12. Nxd7 Bxd7 13. c5 Bc7 14. f3 f5 15. f4 g5 16. g3 Re7 17. Kh1 g4 18. h3 h5 19. h4 b6 20. b4 Bc8 21. Qc2 bxc5 22. bxc5 a5 23. Qc3 Rh7 24. Bc4 Qd7 25. Qb3 Rb8 26. Qa3 Rb4 27. Be2 Bd8 28. Bc3 Rb7 29. Rab1 Ra7 30. Rb2 Bf6 31. Rfb1 Qd8 32. Bc4 Rhe7 33. Rb6 Re8 34. Kg2 Bd7 35. Qb3 a4 36. Qa3 Qe7 37. Be1 Rea8 38. Rb8+ Kf7 39. R1b4 Kg7 40. Rxa8 Rxa8 41. Rxa4 Re8 42. Ra8 Rc8 43. Rxc8 Bxc8 44. Qa8 Bb7 45. Qb8 Qd7 46. a4 Kg6 47. a5 Bxd4 48. exd4 Qxd4 49. Qg8+ Kh6 50. Qxe6+ Kg7 51. Qe5+ Qxe5 52. fxe5 1-0

[Event "POL-ch sf"]
[Site "Chotowa"]
[Date "2007.11.08"]
[Round "6"]
[White "Smola, Michal"]
[Black "Leszczynski, Krzysztof"]
[Result "1-0"]
[WhiteElo "2053"]
[BlackElo "2180"]
[PlyCount "70"]
[EventDate "2007.11.03"]
[EventType "swiss"]
[EventRounds "9"]
[EventCountry "POL"]
[SourceTitle "EXT 2010"]
[Source "ChessBase"]
[SourceDate "2010.11.25"]
[SourceVersion "1"]
[SourceVersionDate "2010.11.25"]
[SourceQuality "1"]

1. e4 c5 2. Nf3 Nc6 3. Bb5 g6 4. Bxc6 bxc6 5. 0-0 Bg7 6. Re1 Nh6 7. c3 f6 8. d4 cxd4 9. cxd4 Nf7 10. e5 0-0 11. Nc3 Qc7 12. Bf4 d6 13. e6 Nd8 14. d5 Bb7 15. Rc1 Qa5 16. Nd4 Re8 17. Nb3 Qa6 18. Re4 Rc8 19. Ra4 Qb6 20. Be3 c5 21. Nd2 Ba6 22. Qb3 Bd3 23. Qa3 Rc7 24. Nc4 Bxc4 25. Rxc4 a5 26. Qa4 Rf8 27. h4 f5 28. h5 Rb7 29. b3 Ra7 30. hxg6 hxg6 31. Rh4 Bf6 32. Rh6 Bxc3 33. Rxg6+ Bg7 34. Bh6 Qb4 35. Bxg7 Qxa4 1-0

[Event "POL-ch sf"]
[Site "Chotowa"]
[Date "2007.11.06"]
[Round "4"]
[White "Kowalczyk, Pawel"]
[Black "Leszczynski, Krzysztof"]
[Result "1-0"]
[WhiteElo "2002"]
[BlackElo "2180"]
[PlyCount "81"]
[EventDate "2007.11.03"]
[EventType "swiss"]
[EventRounds "9"]
[EventCountry "POL"]
[SourceTitle "EXT 2010"]
[Source "ChessBase"]
[SourceDate "2010.11.25"]
[SourceVersion "1"]
[SourceVersionDate "2010.11.25"]
[SourceQuality "1"]

1. e4 c5 2. Nf3 Nc6 3. d4 cxd4 4. Nxd4 e5 5. Nb5 d6 6. c4 Be7 7. N1c3 a6 8. Na3 f5 9. Bd3 f4 10. g3 fxg3 11. hxg3 Nd4 12. Nc2 Nxc2+ 13. Bxc2 Be6 14. Ba4+ Kf7 15. Qh5+ g6 16. Qf3+ Nf6 17. Bb3 h5 18. Qd3 Kg7 19. Bg5 Rc8 20. Rd1 Ne8 21. Be3 Bg5 22. f4 exf4 23. gxf4 Bh4+ 24. Kd2 Bg4 25. Rdg1 Nc7 26. Nd5 Nxd5 27. Qxd5 Re8 28. Qxb7+ Rc7 29. Qd5 Bf6 30. Bb6 Bf3 31. Qf5 Bg4 32. Qd5 Qe7 33. Bxc7 Qxc7 34. Bd1 Qb6 35. Bxg4 Qxb2+ 36. Kd3 Qa3+ 37. Ke2 Qxa2+ 38. Kf1 hxg4 39. Rh7+ Kxh7 40. Qf7+ Bg7 41. Rh1+ 1-0

[Event "POL-chT 2nd League"]
[Site "Wysowa"]
[Date "2007.09.10"]
[Round "8"]
[White "Sygulski, Boguslaw"]
[Black "Leszczynski, Krzysztof"]
[Result "1/2-1/2"]
[WhiteElo "2248"]
[BlackElo "2180"]
[PlyCount "44"]
[EventDate "2007.09.03"]
[EventType "team-swiss"]
[EventRounds "9"]
[EventCountry "POL"]
[SourceTitle "EXT 2010"]
[Source "ChessBase"]
[SourceDate "2010.11.25"]
[SourceVersion "1"]
[SourceVersionDate "2010.11.25"]
[SourceQuality "1"]
[WhiteTeam "Pilzno GKSz Hetman"]
[BlackTeam "Wloclawek Leszczynski"]
[WhiteTeamCountry "POL"]
[BlackTeamCountry "POL"]

1. e4 c5 2. Nf3 Nc6 3. d4 cxd4 4. Nxd4 Nf6 5. Nc3 e5 6. Ndb5 d6 7. Bg5 a6 8. Na3 b5 9. Bxf6 gxf6 10. Nd5 Bg7 11. c3 f5 12. exf5 Bxf5 13. Nc2 0-0 14. Nce3 Be6 15. Bd3 f5 16. 0-0 Ne7 17. Nxe7+ Qxe7 18. Bxf5 Kh8 19. Bxe6 Qxe6 20. Qd5 Qg6 21. Rad1 Rfd8 22. Qc6 Bh6 1/2-1/2

[Event "POL-chT 2nd League"]
[Site "Wysowa"]
[Date "2007.09.08"]
[Round "5"]
[White "Sygulski, Artur"]
[Black "Leszczynski, Krzysztof"]
[Result "1-0"]
[WhiteElo "2398"]
[BlackElo "2180"]
[PlyCount "63"]
[EventDate "2007.09.03"]
[EventType "team-swiss"]
[EventRounds "9"]
[EventCountry "POL"]
[SourceTitle "EXT 2010"]
[Source "ChessBase"]
[SourceDate "2010.11.25"]
[SourceVersion "1"]
[SourceVersionDate "2010.11.25"]
[SourceQuality "1"]
[WhiteTeam "Gniezno LKS Chrobry"]
[BlackTeam "Wloclawek Leszczynski"]
[WhiteTeamCountry "POL"]
[BlackTeamCountry "POL"]

1. d4 d5 2. c4 c6 3. Nc3 Nf6 4. e3 g6 5. Nf3 Bg7 6. Be2 0-0 7. 0-0 dxc4 8. Bxc4 Bg4 9. h3 Bxf3 10. Qxf3 Nbd7 11. Bb3 e5 12. d5 cxd5 13. Bxd5 Nxd5 14. Qxd5 Qc7 15. e4 Nc5 16. Be3 Ne6 17. Rac1 Rfd8 18. Qb3 Qd7 19. Nd5 b6 20. Rfd1 Nd4 21. Bxd4 exd4 22. Rc7 Qe6 23. Re7 Qd6 24. Qf3 Rf8 25. Rc1 Rae8 26. Rxa7 Be5 27. g4 Ra8 28. Rb7 Rab8 29. Rcc7 Qe6 30. Re7 Qd6 31. Rbc7 b5 32. Rcd7 1-0

[Event "POL-chT 2nd League"]
[Site "Wysowa"]
[Date "2007.09.06"]
[Round "4"]
[White "Warszawski, Bartosz"]
[Black "Leszczynski, Krzysztof"]
[Result "1-0"]
[WhiteElo "2236"]
[BlackElo "2180"]
[PlyCount "101"]
[EventDate "2007.09.03"]
[EventType "team-swiss"]
[EventRounds "9"]
[EventCountry "POL"]
[SourceTitle "EXT 2010"]
[Source "ChessBase"]
[SourceDate "2010.11.25"]
[SourceVersion "1"]
[SourceVersionDate "2010.11.25"]
[SourceQuality "1"]
[WhiteTeam "Warszawa YMCA"]
[BlackTeam "Wloclawek Leszczynski"]
[WhiteTeamCountry "POL"]
[BlackTeamCountry "POL"]

1. e4 c5 2. Nf3 Nc6 3. d4 cxd4 4. Nxd4 e5 5. Nb5 d6 6. N1c3 a6 7. Na3 Be7 8. Be3 b5 9. Nd5 Rb8 10. c3 Nf6 11. f3 Nxd5 12. exd5 Na5 13. b4 Nb7 14. c4 0-0 15. cxb5 a5 16. Nc2 Bg5 17. Bxg5 Qxg5 18. Qd2 Qd8 19. Be2 axb4 20. 0-0 b3 21. axb3 Nc5 22. Qe3 Qb6 23. Ra3 Bb7 24. Nb4 Ra8 25. Raa1 Rxa1 26. Rxa1 Ra8 27. Rxa8+ Bxa8 28. Bc4 Nd7 29. Kf2 Kf8 30. Qxb6 Nxb6 31. Ke3 f5 32. f4 exf4+ 33. Kxf4 g6 34. Ke3 Bb7 35. Kd4 Ke8 36. Nd3 Ke7 37. h4 Kf6 38. Nb2 h6 39. Na4 Nd7 40. b6 g5 41. hxg5+ hxg5 42. Bb5 Ne5 43. b4 g4 44. Nc5 dxc5+ 45. bxc5 f4 46. c6 f3 47. gxf3 g3 48. Ke3 g2 49. Kf2 Nxf3 50. Kxg2 Nh4+ 51. Kf2 1-0

[Event "POL-chT 2nd League"]
[Site "Wysowa"]
[Date "2007.09.05"]
[Round "3"]
[White "Leszczynski, Krzysztof"]
[Black "Kolago, Marcin"]
[Result "0-1"]
[WhiteElo "2180"]
[BlackElo "2350"]
[PlyCount "82"]
[EventDate "2007.09.03"]
[EventType "team-swiss"]
[EventRounds "9"]
[EventCountry "POL"]
[SourceTitle "EXT 2010"]
[Source "ChessBase"]
[SourceDate "2010.11.25"]
[SourceVersion "1"]
[SourceVersionDate "2010.11.25"]
[SourceQuality "1"]
[WhiteTeam "Wloclawek Leszczynski"]
[BlackTeam "Ostroda Ostrodzianka"]
[WhiteTeamCountry "POL"]
[BlackTeamCountry "POL"]

1. d4 Nf6 2. c4 d6 3. Nc3 g6 4. g3 Bg7 5. Nf3 0-0 6. Bg2 Nbd7 7. 0-0 e5 8. Qc2 Re8 9. Rd1 a5 10. b3 exd4 11. Nxd4 Nc5 12. Bb2 c6 13. e4 Qb6 14. h3 a4 15. Nxa4 Nxa4 16. bxa4 Qb4 17. Nb3 Rxa4 18. c5 dxc5 19. Nxc5 Ra5 20. Bd4 Nd7 21. Nb3 Ra8 22. Bxg7 Kxg7 23. Rd4 Qa3 24. Rad1 Nf8 25. R4d2 Be6 26. f4 Bxb3 27. axb3 Ne6 28. f5 Nc5 29. Rb1 Qb4 30. Qb2+ Kg8 31. Rd4 Qb6 32. Kh2 Re7 33. Qd2 Qc7 34. b4 Nd7 35. Rd1 Nf6 36. Rd6 Nxe4 37. Bxe4 Rxe4 38. f6 Qb6 39. Rd8+ Re8 40. Rf1 Qxd8 41. Qh6 Re2+ 0-1

[Event "Wloclawek Weekend Classic 3rd"]
[Site "Wloclawek"]
[Date "2007.08.27"]
[Round "2"]
[White "Leszczynski, Krzysztof"]
[Black "Grochowalski, Pawel"]
[Result "1-0"]
[WhiteElo "2180"]
[BlackElo "2117"]
[PlyCount "51"]
[EventDate "2007.08.24"]
[EventType "swiss"]
[EventRounds "5"]
[EventCountry "POL"]
[SourceTitle "EXT 2011"]
[Source "ChessBase"]
[SourceDate "2010.11.26"]
[SourceVersion "1"]
[SourceVersionDate "2010.11.26"]
[SourceQuality "1"]

1. d4 d6 2. Nf3 Nf6 3. c4 Nbd7 4. g3 e5 5. Bg2 c6 6. 0-0 Be7 7. b3 e4 8. Ne1 0-0 9. Nc3 d5 10. cxd5 cxd5 11. f3 Qa5 12. Bb2 exf3 13. exf3 Ba3 14. Bxa3 Qxa3 15. Nd3 Rd8 16. Qd2 Qa5 17. Rfe1 Qb6 18. Qf2 Nf8 19. Rad1 Bf5 20. Re5 Bxd3 21. Rxd3 Rac8 22. h3 Ne6 23. f4 Nxd4 24. Na4 Rc1+ 25. Kh2 Ng4+ 26. hxg4 1-0

[Event "Wloclawek Weekend Classic 3rd"]
[Site "Wloclawek"]
[Date "2007.08.27"]
[Round "5"]
[White "Rybak, Tomasz"]
[Black "Leszczynski, Krzysztof"]
[Result "0-1"]
[WhiteElo "2262"]
[BlackElo "2180"]
[PlyCount "52"]
[EventDate "2007.08.24"]
[EventType "swiss"]
[EventRounds "5"]
[EventCountry "POL"]
[SourceTitle "EXT 2011"]
[Source "ChessBase"]
[SourceDate "2010.11.26"]
[SourceVersion "1"]
[SourceVersionDate "2010.11.26"]
[SourceQuality "1"]

1. e4 c5 2. Nf3 Nc6 3. Bb5 g6 4. Bxc6 bxc6 5. 0-0 Bg7 6. c3 Nh6 7. d4 cxd4 8. cxd4 f6 9. Nc3 Nf7 10. Re1 d6 11. d5 c5 12. Nd2 0-0 13. f4 f5 14. Nf3 fxe4 15. Nxe4 Nh6 16. Neg5 Nf5 17. Ne6 Bxe6 18. dxe6 Rb8 19. Rb1 Nd4 20. Ng5 Rf6 21. Qd3 h6 22. Ne4 Rxe6 23. Bd2 Qe8 24. Bc3 Qb5 25. Qh3 d5 26. Nf6+ Rxf6 0-1

[Event "Politiken Cup 29th"]
[Site "Copenhagen"]
[Date "2007.07.26"]
[Round "7"]
[White "Sigurdsson, Pall"]
[Black "Leszczynski, Krzysztof"]
[Result "0-1"]
[WhiteElo "1893"]
[BlackElo "2180"]
[PlyCount "120"]
[EventDate "2007.07.21"]
[EventType "swiss"]
[EventRounds "10"]
[EventCountry "DEN"]
[SourceTitle "CBM 119 Extra"]
[Source "ChessBase"]
[SourceDate "2007.09.04"]
[SourceVersion "1"]
[SourceVersionDate "2007.09.04"]
[SourceQuality "1"]

1. e4 c5 2. Nf3 a6 3. d4 cxd4 4. Nxd4 Nf6 5. Nc3 e5 6. Nf3 Bb4 7. Bd2 0-0 8. Bd3 d6 9. Bg5 h6 10. Bxf6 Bxc3+ 11. bxc3 Qxf6 12. 0-0 Nc6 13. Qd2 Bg4 14. Be2 Bxf3 15. Bxf3 Rac8 16. Rfd1 Rfd8 17. Rab1 Na5 18. Be2 Qe6 19. h3 Rc6 20. Kh2 Qc8 21. a4 Rxc3 22. Rb6 Qc5 23. Rxd6 Rxd6 24. Qxd6 Qxd6 25. Rxd6 Rxc2 26. Rd8+ Kh7 27. Bg4 Rxf2 28. Rd5 Nc6 29. Bd7 Ra2 30. Bxc6 bxc6 31. Rxe5 Rxa4 32. Rc5 Rxe4 33. Rxc6 Re6 34. Rc7 Rf6 35. Kg3 Kg6 36. Rc5 Kh7 37. Rc7 g6 38. Ra7 Kg7 39. Re7 Rf5 40. Ra7 a5 41. Ra6 Rb5 42. Kf3 g5 43. Kg4 f6 44. Kg3 h5 45. Kf3 Kg6 46. Kg3 Rb3+ 47. Kf2 Ra3 48. Rc6 h4 49. Ra6 Kf5 50. Rc6 Ra4 51. Kf3 Ra3+ 52. Kf2 Ke5 53. Ra6 f5 54. Rc6 Ke4 55. Rc4+ Kd5 56. Rc8 g4 57. Ra8 Ke4 58. Rc8 Ra2+ 59. Kg1 g3 60. Rc4+ Kd3 0-1

[Event "Politiken Cup 29th"]
[Site "Copenhagen"]
[Date "2007.07.25"]
[Round "6"]
[White "Leszczynski, Krzysztof"]
[Black "Svanholm, Borge Waaktaar"]
[Result "0-1"]
[WhiteElo "2180"]
[BlackElo "1977"]
[PlyCount "148"]
[EventDate "2007.07.21"]
[EventType "swiss"]
[EventRounds "10"]
[EventCountry "DEN"]
[SourceTitle "CBM 119 Extra"]
[Source "ChessBase"]
[SourceDate "2007.09.04"]
[SourceVersion "1"]
[SourceVersionDate "2007.09.04"]
[SourceQuality "1"]

1. d4 Nf6 2. c4 g6 3. Nc3 Bg7 4. e4 d6 5. Bd3 e5 6. d5 c6 7. Nge2 Nbd7 8. h3 Nc5 9. Bc2 a5 10. Bg5 h6 11. Be3 cxd5 12. cxd5 0-0 13. 0-0 Ne8 14. Qd2 Kh7 15. a4 f5 16. exf5 Bxf5 17. Ng3 Bxc2 18. Qxc2 Nf6 19. Rfd1 Rc8 20. Rab1 Na6 21. Qe2 Nd7 22. Nge4 Ndc5 23. Qg4 h5 24. Ng5+ Kg8 25. Qe2 Bh6 26. Ne6 Nxe6 27. Bxh6 Nf4 28. Qc2 Nb4 29. Qe4 Rf5 30. Bxf4 exf4 31. Qe6+ Kg7 32. Nb5 Rf6 33. Qe4 Qe8 34. Qf3 Qe5 35. Nc3 Rf7 36. Re1 Qf5 37. Re6 Rf6 38. Rbe1 Rxe6 39. Rxe6 Nd3 40. Re7+ Kf8 41. Rxb7 Ne5 42. Qe4 Qg5 43. f3 Re8 44. Qe2 Nc4 45. Qf2 Ne3 46. Rb5 Qe5 47. Rxa5 Nf5 48. Rb5 Ng3 49. Ne4 Nxe4 50. fxe4 Qxe4 51. Qd2 g5 52. Rb4 Qb1+ 53. Kf2 Rc8 54. Kf3 Qf1+ 55. Ke4 Qb1+ 56. Kd4 Qg1+ 57. Kd3 Qb1+ 58. Kd4 Qg1+ 59. Ke4 Qb1+ 60. Qd3 Re8+ 61. Kd4 Qg1+ 62. Kc4 Qc5+ 63. Kb3 Re3 64. Qc3 Qxd5+ 65. Rc4 Rxc3+ 66. bxc3 Ke7 67. Kb4 Qxg2 68. a5 Qb2+ 69. Ka4 f3 70. a6 f2 71. a7 f1Q 72. Rc7+ Ke6 73. Re7+ Kxe7 74. a8Q Qfa1# 0-1

[Event "Wloclawek Weekend Classic 2nd"]
[Site "Wloclawek"]
[Date "2007.03.25"]
[Round "4"]
[White "Grochowalski, Pawel"]
[Black "Leszczynski, Krzysztof"]
[Result "1/2-1/2"]
[WhiteElo "2112"]
[BlackElo "2151"]
[PlyCount "66"]
[EventDate "2007.03.23"]
[EventType "swiss"]
[EventRounds "5"]
[EventCountry "POL"]
[SourceTitle "EXT 2008"]
[Source "ChessBase"]
[SourceDate "2007.11.25"]
[SourceVersion "1"]
[SourceVersionDate "2007.11.25"]
[SourceQuality "1"]

1. e4 c5 2. c4 d6 3. Nc3 e5 4. g3 g6 5. Bg2 Bg7 6. Nge2 Ne7 7. 0-0 Nbc6 8. d3 0-0 9. Nd5 f5 10. Rb1 Be6 11. b4 fxe4 12. dxe4 Nd4 13. Nxd4 cxd4 14. Bg5 Bxd5 15. cxd5 Qd7 16. h4 Bf6 17. Bh6 Rfc8 18. Kh2 Rc3 19. Bh3 Qc7 20. Qe2 Rc2 21. Be6+ Kh8 22. Qf3 Ng8 23. Bxg8 Bg7 24. Bxg7+ Kxg7 25. Be6 Rf8 26. Qg2 d3 27. Bg4 Rxa2 28. h5 Qb6 29. Kh3 Rc2 30. Qg1 Rfxf2 31. Rxf2 Rxf2 32. Rf1 Rxf1 33. Qxf1 Qd4 1/2-1/2

[Event "Wloclawek Weekend Classic 2nd"]
[Site "Wloclawek"]
[Date "2007.03.25"]
[Round "5"]
[White "Leszczynski, Krzysztof"]
[Black "Cichocki, Konrad"]
[Result "1-0"]
[WhiteElo "2151"]
[BlackElo "2006"]
[PlyCount "69"]
[EventDate "2007.03.23"]
[EventType "swiss"]
[EventRounds "5"]
[EventCountry "POL"]
[SourceTitle "EXT 2008"]
[Source "ChessBase"]
[SourceDate "2007.11.25"]
[SourceVersion "1"]
[SourceVersionDate "2007.11.25"]
[SourceQuality "1"]

1. Nf3 c5 2. c4 Nf6 3. g3 g6 4. Bg2 Bg7 5. 0-0 0-0 6. Nc3 Nc6 7. d3 e6 8. Be3 d6 9. h3 Ne7 10. Rb1 Bd7 11. b4 cxb4 12. Rxb4 Bc6 13. Nd4 Bxg2 14. Kxg2 b6 15. Qd2 d5 16. Bh6 dxc4 17. Bxg7 Kxg7 18. Rxc4 Rc8 19. Rxc8 Qxc8 20. Qb2 Kg8 21. Nf3 Ned5 22. Nb5 a6 23. Nbd4 Nd7 24. Ng5 e5 25. Ndf3 f6 26. Ne4 f5 27. Ned2 Re8 28. Nc4 Qb8 29. e4 fxe4 30. dxe4 N5f6 31. Rd1 Nc5 32. Rd6 Nfxe4 33. Rxb6 Qd8 34. Ncxe5 Nd2 35. Nxd2 1-0

[Event "POL-chT 2nd League"]
[Site "Lublin"]
[Date "2006.09.03"]
[Round "2.2"]
[White "Luch, Michal"]
[Black "Leszczynski, Krzysztof"]
[Result "1/2-1/2"]
[WhiteElo "2356"]
[BlackElo "2144"]
[PlyCount "64"]
[EventDate "2006.09.02"]
[EventType "team-swiss"]
[EventRounds "9"]
[EventCountry "POL"]
[SourceTitle "EXT 2019"]
[Source "ChessBase"]
[SourceDate "2018.10.10"]
[SourceVersion "1"]
[SourceVersionDate "2018.10.10"]
[SourceQuality "1"]
[WhiteTeam "Wroclaw Polonia"]
[BlackTeam "Wloclawek Leszczynski"]
[WhiteTeamCountry "POL"]
[BlackTeamCountry "POL"]

1. d4 d5 2. c4 c6 3. Nf3 Nf6 4. e3 a6 5. Bd3 b5 6. b3 Bg4 7. Nbd2 e6 8. 0-0 Nbd7 9. Qc2 Rc8 10. c5 a5 11. Bb2 Be7 12. Ne1 Bh5 13. a4 b4 14. h3 Bg6 15. g4 Bxd3 16. Nxd3 Ne4 17. Nxe4 dxe4 18. Ne5 Nxe5 19. dxe5 Qd3 20. Qxd3 exd3 21. Rfd1 Bxc5 22. Rxd3 Ke7 23. Rc1 Ba7 24. Rd6 Rhd8 25. Rdxc6 Rxc6 26. Rxc6 Bxe3 27. Rd6 Bc5 28. Rxd8 Kxd8 29. Kf1 Kd7 30. Ke2 Kc6 31. f3 Kd5 32. Kd3 Bb6 1/2-1/2

[Event "KPZS-ch"]
[Site "Sepolno Kraj"]
[Date "2006.06.30"]
[Round "9"]
[White "Leszczynski, Krzysztof"]
[Black "Jaroch, Pawel"]
[Result "0-1"]
[WhiteElo "2144"]
[BlackElo "2098"]
[PlyCount "118"]
[EventDate "2006.06.24"]
[EventType "swiss"]
[EventRounds "9"]
[EventCountry "POL"]
[SourceTitle "EXT 2007"]
[Source "ChessBase"]
[SourceDate "2006.11.23"]
[SourceVersion "1"]
[SourceVersionDate "2006.11.23"]
[SourceQuality "1"]

1. d4 Nf6 2. c4 g6 3. Nc3 Bg7 4. e4 d6 5. Bd3 0-0 6. Nge2 e5 7. d5 a5 8. Bg5 h6 9. Bh4 Na6 10. a3 Bd7 11. Bc2 Qe8 12. 0-0 h5 13. Bg5 Nh7 14. Be3 Bf6 15. a4 Bg5 16. Bxg5 Nxg5 17. Qd2 Qe7 18. Nb5 b6 19. Ra3 Kg7 20. Rg3 h4 21. Ra3 Rae8 22. h3 Bc8 23. Na7 Bd7 24. Re3 Nh7 25. f4 f6 26. f5 g5 27. g3 hxg3 28. Rxg3 Kh8 29. Nb5 Rc8 30. Kf2 Rg8 31. Rh1 Rg7 32. Nec3 Kg8 33. Bd1 Kf8 34. Bh5 Be8 35. Be2 Qf7 36. b3 Ra8 37. Nd1 Nc5 38. Qc2 Bxb5 39. cxb5 Ke7 40. Ne3 Rh8 41. Bf3 Nf8 42. Ng2 Kd8 43. Bg4 Rh6 44. Rc3 Nfd7 45. Ne3 Ke7 46. Kf3 Rgh7 47. Rh2 Rh8 48. Qa2 Qh7 49. Nc2 Rh4 50. Ne3 Qf7 51. Qa3 Qh7 52. b4 axb4 53. Qxb4 Ra8 54. Kg3 Rxa4 55. Qxa4 Nxa4 56. Rxc7 Nac5 57. Kf3 Qh8 58. Ra2 Qh7 59. Nc4 Rxg4 0-1

[Event "Torun O Pietruszke"]
[Site "Torun"]
[Date "2006.06.02"]
[Round "6"]
[White "Leszczynski, Krzysztof"]
[Black "Cichocki, Konrad"]
[Result "1-0"]
[WhiteElo "2144"]
[BlackElo "2051"]
[PlyCount "103"]
[EventDate "2006.05.26"]
[EventType "tourn"]
[EventRounds "9"]
[EventCountry "POL"]
[SourceTitle "EXT 2007"]
[Source "ChessBase"]
[SourceDate "2006.11.23"]
[SourceVersion "1"]
[SourceVersionDate "2006.11.23"]
[SourceQuality "1"]

1. d4 Nf6 2. c4 e6 3. Nc3 Bb4 4. Qc2 c5 5. dxc5 Bxc5 6. Nf3 Nc6 7. a3 b6 8. Bg5 Bb7 9. b4 Nd4 10. Nxd4 Bxd4 11. e3 Be5 12. f4 Bxc3+ 13. Qxc3 Rc8 14. Qb2 h6 15. Bh4 d5 16. Rd1 Qe7 17. cxd5 Bxd5 18. Bb5+ Bc6 19. Bxc6+ Rxc6 20. 0-0 Qc7 21. Bxf6 gxf6 22. Qxf6 Rg8 23. Rf2 Rc1 24. Rdf1 Rxf1+ 25. Rxf1 Qc2 26. g3 Qd3 27. Qd4 Qxd4 28. exd4 Kd7 29. Rc1 Kd6 30. Kf2 f5 31. b5 Rg7 32. Rc6+ Kd5 33. Ke3 h5 34. Kd3 Rh7 35. Rc8 Kd6 36. Rd8+ Kc7 37. Ra8 Kd6 38. Rd8+ Kc7 39. Re8 Kd7 40. Rg8 Kc7 41. Kc4 Kd6 42. Rd8+ Kc7 43. Ra8 Kd6 44. Rc8 Kd7 45. Rc6 h4 46. d5 hxg3 47. dxe6+ Ke7 48. hxg3 Rh3 49. Kd5 Rxg3 50. Rc7+ Kd8 51. Rxa7 Ke8 52. Ke5 1-0

[Event "POL-chT 2nd League"]
[Site "Wysowa"]
[Date "2005.09.03"]
[Round "8.58"]
[White "Rybak, Tomasz"]
[Black "Leszczynski, Krzysztof"]
[Result "1/2-1/2"]
[WhiteElo "2190"]
[BlackElo "2254"]
[PlyCount "91"]
[EventDate "2005.08.27"]
[EventType "team-swiss"]
[EventRounds "9"]
[EventCountry "POL"]
[SourceTitle "EXT 2019"]
[Source "ChessBase"]
[SourceDate "2018.10.10"]
[SourceVersion "1"]
[SourceVersionDate "2018.10.10"]
[SourceQuality "1"]
[WhiteTeam "Swiecie Gambit"]
[BlackTeam "Wloclawek Leszczynski"]
[WhiteTeamCountry "POL"]
[BlackTeamCountry "POL"]

1. e4 c5 2. Nf3 Nc6 3. Nc3 Nf6 4. d4 cxd4 5. Nxd4 e5 6. Ndb5 d6 7. Bg5 a6 8. Na3 b5 9. Nd5 Be7 10. Bxf6 Bxf6 11. c3 0-0 12. Nc2 Bg5 13. a4 bxa4 14. Rxa4 a5 15. Bc4 Rb8 16. Ra2 Kh8 17. 0-0 f5 18. exf5 Bxf5 19. Nce3 Bd7 20. Bd3 Qe8 21. Be4 Qf7 22. Nc4 Be7 23. Qd3 Be6 24. Nde3 Bg5 25. Nd5 Rfd8 26. Rb1 Nd4 27. cxd4 Bxd5 28. Bxd5 Qxd5 29. Rxa5 Qb7 30. b4 e4 31. Qg3 Bf6 32. d5 Qc7 33. Qb3 Rdc8 34. Nd2 Bg5 35. Ra2 Qb6 36. Rc2 e3 37. Ne4 exf2+ 38. Nxf2 Be3 39. Re2 Bxf2+ 40. Rxf2 Rf8 41. Rbf1 Rxf2 42. Rxf2 Rf8 43. Qc2 Kg8 44. Qe2 Rxf2 45. Qxf2 Qxb4 46. Qe3 1/2-1/2